| 000 | 00532nam a2200169 i 4500 | ||
|---|---|---|---|
| 001 | 51484 | ||
| 003 | ES-MaACL | ||
| 005 | 20230906162354.0 | ||
| 007 | t| | ||
| 008 | 030813s1961 sp ||||1| spa d | ||
| 100 | 1 |
_aChevalier, Richard. _938422 |
|
| 245 | 1 | 0 |
_aAlumbramiento de aguas ocultas y búsqueda de minerales _b: radiestesia / _cRichard Chevalier ; versión castellana por R.F. |
| 250 | _a4ª ed. | ||
| 260 |
_aBarcelona : _bSintes, _c[1961] |
||
| 300 |
_a215 p. : _bil. ; _c19 cm. |
||
| 852 |
_aES-MaACL _jC-20311 _bR.48712 |
||
| 999 |
_c51484 _d51484 |
||